00464cam a22001691 4500001000800000005001700008008004100025010001700066035001800083040004800101041000800149080001000157082001400167100000700181101000800188245009800196884845420180104044431.0720524s1953 maua d 000 0 eng  a 53001416  a(OCoLC)317123 aDLCcODaWUdOCoLCdDNIEdNBrockUdNcGUdDLC aeng a421.5 a421.5 KEN1 a46 aEDU12aA pronouncing dictionary of American English,cby John Samuel Kenyon and Thomas Albert Knott.